1336 1679 1161 1857 1228 1446 1358 1871 1671 1641 1043 1270 1939 1170 1070 1871 1224 1790 1874 1177 1767 1560 1320 1500 1293 1509 1830 1281 1888 1761 1411 1364 1181 1022 1800 1157 1824 1691 1147 1135 1332 1777 1424 1930 1508 1269 1322 1556 1787 1559 1779 1152 1434 1747 1033 1021 1526 1527 1857 1261 1148 1285 1162 1975 1420 1536 1251 1801 1532 1265 1430 1932 1086 1906 1916 1308 1697 1535 1435 1809 1043 1052 1032 1979 1402 1129 1532 1789 1519 1561 1861 1498 1463 1416 1542 1752 1569 1880 1659 BCNSPRNW ULIB Ver.6.0+V

เปลี่ยนเป็นภาษาไทย

Change to English
 แสดงรายละเอียดบรรณานุกรม
  กลับหน้าหลัก

Brief Record : Get Marc (ISO 2709) : E-mail record : QR code < ปิดหน้าต่าง
LEADER : 00000nam 2200000uu 4500
001    13399122496
003     ULIB
008    120321sมปป.||||th 000 0 tha d
020    ^a9786165000703
090    ^aนว.^bม415ห
100 0  ^aมุกเรียง
245 00 ^aห้วงรักนิรมิต/^cมุกเรียง
260    ^aกรุงเทพฯ :^bพิมพ์คำ,^cมปป.
300    ^a259 หน้า
710 1  ^aพิมพ์คำ
945    ^p180^l0^i19955
995    ^aทศพร
999    ^aใช้งานได้ทุกระบบ
รายการนี้ยังไม่มีแท็ก
คุณยังไม่ได้ล็อกอิน คุณสามารถมีกิจกรรมร่วมกับเว็บไซต์ได้ แต่ต้องล็อกอินก่อน ::
  ล็อกอิน

รายการสื่อสารสนเทศ

ลำดับที่ ประเภท เลขเรียก/บาร์โค้ด สถานที่ สถานะ
1. นวนิยาย
นวนิยาย
นว. ม415ห ฉ.1 
  Barcode: 19955
ห้องสมุดวิทยาเขตสวรรค์ประชารักษ์
►นวนิยาย
บนชั้น
  ขอยืม

รายการใกล้เคียง
    ผู้แต่ง [มุกเรียง]

BibComment


ยังไม่เคยถูกคอมเมนท์

คอมเมนท์ทรัพยากรรายการนี้
  คอมเมนท์: ห้วงรักนิรมิต มุ..


 Copyright 2026. Bcnsprnw @Library